| 000 | 00553cam a2200181 a 4500 | ||
|---|---|---|---|
| 020 | _a0850031052 : | ||
| 040 | _cDLC | ||
| 082 | 0 | 0 | _a630 MAR 1991 C166 Or. |
| 100 | 1 | _aMoris, Jon R. | |
| 245 | 1 | 0 | _aExtension alternatives in tropical Africa / |
| 260 |
_aLondon : _bOverseas Development Institute, _cc1991. |
||
| 300 |
_a184 p. : _bill. ; _c21 cm. |
||
| 490 | 1 | _aOccasional paper / Agricultural Administration Unit ; | |
| 650 | 0 | _aAgricultural extension work | |
| 650 | 0 | _aAgriculture | |
| 650 | 0 | _aAgricultural development projects | |
| 942 | _cAEDBB | ||
| 999 |
_c19355 _d19355 |
||